000 01565nam a2200301Ia 4500
999 _c54188
_d54188
001 21244
003 GE_BSU
005 20211015164228.0
008 181216s ||||ge |||||||||||||| ||geo||
020 _a9789941042911
040 _cGE_BSU
041 _ageo
080 _a631.52:60 კ-77
100 _aკორახაშვილი, ავთანდილ
_95875
245 _aაგრობიოტექნოლოგია :
_b[სამაგისტრო პროგრამა "გამოყენებითი ბიომეცნიერებები", ტემპუსის პროექტი JEP-159340] /
_cავთანდილ კორახაშვილი, მარიამ გაიდამაშვილი ; რედ. ნანა დვალიშვილი.
264 _aთბილისი :
_b[გ.გ.],
_c2012.
300 _a159 გვ. :
_bცხრ., სურ. ;
_c21სმ.
541 _h15ლ.
653 _aაგრობიოტექნოლოგია
653 _aგენური ინჟინერია
653 _a მცენარეთა გენეტიკა
653 _a მცენარეთა კლონირება
653 _aმედიცინა
653 _aსოფლის მეურნეობა
700 _aგაიდამაშვილი, მარიამ
_eავტორი
_912667
700 _aდვალიშვილი, ნანა
_eრედაქტორი
_98236
942 _cBK
_2udc